| 000 | 00956cam a2200217 4500 | ||
|---|---|---|---|
| 001 | WB3820-20 | ||
| 008 | 020530n2002 000 0 eng u | ||
| 035 | _a(Sirsi) u118252 | ||
| 245 | _aPlanning reform must stay on track | ||
| 260 | _c2002 | ||
| 490 |
_aRICS Press Release _v(pr066) 20 May 2002 (2) |
||
| 520 | _aRICS says Tony Blair must not use the shake up at the Department of Transport Local Government and the Regions (DLTR) as an excuse to delay vital reforms in the planning system. Under the new structure land use planning and transport will be overseen by separate departments. RICS News Release http://www.rics.org/ricscms/bin/show?class=PressRelease&template=/includes/showpr.html&id=747 | ||
| 590 | _aWB | ||
| 650 | _aPLANNING REFORM | ||
| 650 | _aDTLR | ||
| 650 | _aPLANNING SYSTEM | ||
| 650 | _aRICS | ||
| 650 | _aGOVERNMENT DEPARTMENTS | ||
| 690 | _aENVIRONMENTAL AND LAND CONSULTANCY-PLANNING AND DEVELOPMENT | ||
| 942 | _n0 | ||
| 999 |
_c70406 _d70406 |
||